Statistics for Category Elimination - Capital Cities #3

Click here to take the quiz!

General Stats

  • This quiz has been taken 33,154 times
  • The average score is 15 of 20

Answer Stats

Group#Category% Correct
Green45Capitals in Europe
100%
Green18... which are north of latitude 50º
99%
Green5... which contain the letter O
98%
Orange150Capitals containing the letter A
97%
Green3... which are part of the Nordics
96%
Green1... and start and end with the same letterOslo
94%
Blue19... that are not in Asia
93%
Blue34Capitals with at least 4 million people
93%
Orange49... that contain the letter E
90%
Blue10... with at least 7 letters in their name
87%
Purple46Capitals whose country is landlocked
83%
Purple40... which are only one word
81%
Blue5... which are only one word
70%
Purple11... which are in Asia
69%
Orange16... which contain the letter O
66%
Purple5... with fewer than 1 million people
46%
Orange5... also containing the letter U
39%
Orange1... and is in the Southern HemisphereBuenos
Aires
34%
Purple1... and an average elevation greater than 1000mThimphu
34%
Blue1... and is in the Northern HemisphereKhartoum
14%

Score Distribution

Percentile by Number Answered

Percent of People with Each Score

Your Score History

You have not taken this quiz